000 00614nam a22002177a 4500
005 20170124110058.0
010 _aA-597099
020 _c75.00
_a8185336806
035 _aA-597099
037 _bCen Lib/Ret
040 _aDPL
_bEN
082 _aN
_bWHI
100 _aWhitaker, Zai
_926820
245 _aUp the ghat :
_cby Zai Whitaker
_ba novel /
260 _aNew Delhi
_bAffiliated East-West Press
_c1992
270 _aG-1/16, Ansari Road, Daryaganj
_bNew Delhi
_e110002
300 _a178p.
_c21cm(Hb)
650 _aEnglish fiction
_926821
650 _aIndia -- Fiction
_926822
942 _2ddc
_cEN
_hN
_mWHI
999 _c129588
_d129588